000 00351nam a2200133Ia 4500
008 191201s2008 xx 000 0 und d
082 _a621.37
_bHEM
100 _aHELFRICK, Albert D
245 0 _aModern Electronic Instrumentation and Measurement Techniques
260 _aN.Delhi
_bPHI
_c2008
300 _a445
650 _aB.Tech(ECE)
942 _2ddc
_cBK
999 _c453
_d453